| 000 | 00469nam a2200157Ia 4500 | ||
|---|---|---|---|
| 999 |
_c22316 _d22316 |
||
| 003 | OSt | ||
| 005 | 20200320100015.0 | ||
| 008 | 190216s9999||||xx |||||||||||||| ||und|| | ||
| 040 | _coclc | ||
| 082 |
_a297.89177 _bKHO/I |
||
| 100 |
_aKhomeini, Imam _92108 |
||
| 245 | 0 |
_aIslamika Government / _cImam Khomeini |
|
| 260 |
_bIslamic Foundation Press, _c1990. _aMalappuram: |
||
| 300 | _a438p | ||
| 942 |
_cBK _2ddc _h297.89177 _iKHO/I _k297.89177 _mKHO/I |
||